000 00562nam a2200229Ia 4500
003 0100
008 130303s9999 xx 000 0 und d
020 _a135954061
040 _cARRUPELIB
050 _aJC330.D34 1991
100 _aDahl, Robert A
245 _aModern political analysis
250 _a5th
260 _aEnglewood Cliffs
260 _bPrentice-Hall
260 _C1991
300 _axii
300 _b 157 p.24 cm
440 _aPrentice-Hall foundations of modern political science series
700 _aRobert A. Dahl
942 0 0 _02
999 _c16183
_d16183